The law of obligations (Record no. 103279)

MARC details
000 -LEADER
fixed length control field 00973cam a2200205 4500
001 - CONTROL NUMBER
control field L124818
008 - FIXED-LENGTH DATA ELEMENTS--GENERAL INFORMATION
fixed length control field 040112n2004 000 0 eng u
020 ## - INTERNATIONAL STANDARD BOOK NUMBER
International Standard Book Number 1844720128
035 ## - SYSTEM CONTROL NUMBER
System control number (Sirsi) u124818
041 ## - LANGUAGE CODE
Language code of text/sound track or separate title eng
050 ## - LIBRARY OF CONGRESS CALL NUMBER
Classification number 346.02
-- 18
100 ## - MAIN ENTRY--PERSONAL NAME
Personal name Robertson, Andrew
245 #4 - TITLE STATEMENT
Title The law of obligations
Remainder of title connections and boundaries
260 ## - PUBLICATION, DISTRIBUTION, ETC.
Place of publication, distribution, etc. London
Name of publisher, distributor, etc. UCL
Date of publication, distribution, etc. 2004
300 ## - PHYSICAL DESCRIPTION
Extent vi, 201p.
Dimensions 24cm.
350 ## - PRICE (NR) (BK AM CF MU VM SE) [OBSOLETE]
Price 40
520 ## - SUMMARY, ETC.
Summary, etc. This collection of essays by leading British, Australian and Canadian private law scholars provides an important contribution to the debate about the structure underlying private law and the relationship betweens its different branches. Covers the classification and law of remedies, reconsiders some of the boundaries drawn by judges and scholars within the law of obligations and deals with the relationship between obligations and property.
690 ## - LOCAL SUBJECT ADDED ENTRY--TOPICAL TERM (OCLC, RLIN)
Topical term or geographic name as entry element MANAGEMENT-DISPUTE AVOIDANCE, MANAGEMENT AND RESOLUTION
942 ## - ADDED ENTRY ELEMENTS (KOHA)
Suppress in OPAC 0
Holdings
Withdrawn status Lost status Source of classification or shelving scheme Damaged status Not for loan Home library Current library Shelving location Date acquired Cost, normal purchase price Total Checkouts Full call number Barcode Date last seen Date last checked out Copy number Cost, replacement price Price effective from Koha item type
    Dewey Decimal Classification     London London Books 16/06/2005 34.00 6 346.02 ROB 30070567 06/08/2019 09/02/2006 1 34.00 06/08/2019 Book